000 00914cab a2200193 4500
001 L135893
008 061215n2006 000 0 eng u
035 _a(Sirsi) u135893
041 0 _aeng
100 1 _aHipwell, Deirdre
245 0 0 _aInvestors expect la dolce vita as Italy embraces REITs
260 _c2006
490 0 _aProperty Week
_v71(49) 08 December 2006, 18(1)
520 _aDiscusses the impact of the introduction of REITs in Italy as potentially bringing transparency and stability to the Italian property market. The introduction of REITs will affect the means and ease with which foreign investors can invest in the market. The decision by the finance ministry to introduce REITs by July 2007 has pushed up the share prices of Italian property companies.
590 _aKA
651 4 _aITALY
690 _aPROPERTY-PROPERTY FINANCE AND INVESTMENT-REAL ESTATE INVESTMENT TRUSTS
942 _n0
999 _c78065
_d78065